书目信息 |
| 题名: |
汉语100句
|
|
| 作者: | 姚远 , 陈慧忠 编著 | |
| 分册: | ||
| 出版信息: | 上海 上海外语教育出版社 2008.05 |
|
| 页数: | 212页 | |
| 开本: | 21cm | |
| 丛书名: | 青春与世博同行-外语100句丛书 | |
| 单 册: | ||
| 中图分类: | H195.4 | |
| 科图分类: | ||
| 主题词: | 汉语--口语--对外汉语教学--自学参考资料 | |
| 电子资源: | ||
| ISBN: | 978-7-5446-0650-9 | |
| 000 | 01066nam 2200253 450 | |
| 001 | wxs-0813-0166 | |
| 005 | 20100608102415.32 | |
| 010 | @a978-7-5446-0650-9@dCNY18.00 | |
| 100 | @a20100515d2008 em y0chiy0110 ea | |
| 101 | 0 | @achi |
| 102 | @aCN@b110000 | |
| 105 | @ay z 000yy | |
| 200 | 1 | @a汉语100句@Ahan yu 100 ju@f姚远,陈慧忠编著 |
| 210 | @a上海@c上海外语教育出版社@d2008.05 | |
| 215 | @a212页@d21cm | |
| 225 | 2 | @a青春与世博同行-外语100句丛书 |
| 330 | @a外语100句丛书,包括英语、日语、韩语、德语、法语、西班牙语、意大利语、葡萄牙语、阿拉伯语、缅甸语等多个语种。每册都以句型为单元,每单元除基本句型、语法精讲、举一反三、情景会话、单词一览等部分外,还特别增加了“文化点滴”栏目,让读者在学习单词、句型和会话的同时,增加对目的语国家文化的了解。内容丰富生动、实用性强,能迅速提高您的口语水平! | |
| 410 | 0 | @12001 @a青春与世博同行-外语100句丛书 |
| 606 | 0 | @a汉语@x口语@x对外汉语教学@j自学参考资料 |
| 690 | @aH195.4@v4 | |
| 701 | 0 | @a姚远@Ayao yuan@4编著 |
| 701 | 0 | @a陈慧忠@Achen hui zhong@4编著 |
| 801 | 0 | @aCN@c20100515 |
| 905 | @dH195.4@eY378@f3 | |
| 汉语100句/姚远,陈慧忠编著.-上海:上海外语教育出版社,2008.05 |
| 212页;21cm.-(青春与世博同行-外语100句丛书) |
| ISBN 978-7-5446-0650-9:CNY18.00 |
| 外语100句丛书,包括英语、日语、韩语、德语、法语、西班牙语、意大利语、葡萄牙语、阿拉伯语、缅甸语等多个语种。每册都以句型为单元,每单元除基本句型、语法精讲、举一反三、情景会话、单词一览等部分外,还特别增加了“文化点滴”栏目,让读者在学习单词、句型和会话的同时,增加对目的语国家文化的了解。内容丰富生动、实用性强,能迅速提高您的口语水平! |
| ● |
| 相关链接 |
|
|
|
正题名:汉语100句
索取号:H195.4/Y378
 
预约/预借
| 序号 | 登录号 | 条形码 | 馆藏地/架位号 | 状态 | 备注 |